LEADER 01306nam a2200289 i 4500 001 000000060751 003 CaOOAMICUS 005 20140211000000.0 008 140211s1997 it u000 u ita u 013 $a31923 020 $a88-7105-050-4 040 $aSeMil$bita 100 1 $aTrabucco, Giovanni,$d<1960- >.$0(OLS)http://semarc/name/30887 245 10$aPoetica soprannaturale :$bcoscienza della verità in Simone Weil /$cGiovanni Trabucco ; Prefazione di Angelo Bertuletti. 260 $aMilano :$bEdizioni Glossa,$ccopyr. 1997. 300 $aX, 277 p. ;$c24 cm. 490 0 $aDissertatio. Series Mediolanensis ;$v6 500 $aContiene : Bibliografia. 600 14$aWeil, Simone <1909-1943>.$0(OLS)http://semarc/subject/8687 700 1 $aBertuletti, Angelo,$d<1940- >.$0(OLS)http://semarc/name/18683 830 0$aDissertatio. Series Mediolanensis ;$v6.$0(OLS)http://semarc/title/304 850 $aSeMil 852 $aSeMil$W1$xVenegono$y1$m2KA G 6$j245771$B26904$CSeMilBibl$Z2$F26907 $81 961 $aOmaggio: Scuola Cattolica 996 $6020$a88-7105-050-4$9(OLS)http://semarc/number/36898 996 $6245$aPoetica soprannaturale :$bcoscienza della verità in Simone Weil$9(OLS)http://semarc/title/95288 996 $6260$aMilano :$bEdizioni Glossa$9(OLS)http://semarc/publisher/40472 LEADER 01352nam a2200229 i 4500 001 000000197623 003 CaOOAMICUS 005 20110217000000.0 008 110217s1926 it u000 u ita u 013 $a176310 040 $aSeMil$bita 245 13$aLa Legislazione Vigente :$bRepertorio analitico alfabetico di tutte le disposizioni legislative. Vigenti al 1 Luglio 1926 con richiami di coordinamento e riferimenti a LEX Raccolta Cronologica della Legislazione Italiana /$ca cura del Dr. Adolfo Gargano. 260 $aTorino :$bUnione Tipografico-Editrice Torinese,$c1926. 300 $a383 p. ;$c17 cm. 490 0 $aI codici per la pratica 650 4$aItalia - Legislazione - Ed. ante 1945.$0(OLS)http://semarc/subject/4891 700 1 $aGargano, Adolfo .$0(OLS)http://semarc/name/71519 830 2$aI codici per la pratica.$0(OLS)http://semarc/title/32662 850 $aSeMil 852 $aSeMil$W1$xVenegono$y1$m3L I 1$j148179$B148179$CSeMilBibl$Z2$F159608 $81 996 $6245$aLa Legislazione Vigente :$bRepertorio analitico alfabetico di tutte le disposizioni legislative. Vigenti al 1 Luglio 1926 con richiami di coordinamento e riferimenti a LEX Raccolta Cronologica della Legislazione Italiana$9(OLS)http://semarc/title/285382 996 $6260$aTorino :$bUnione Tipografico-Editrice Torinese$9(OLS)http://semarc/publisher/29628